00830nam a22002291 4500001000700000003000900007005001700016008004100033080002900074080002900103100002700132245006000159250001200219260006000231300005500291490006100346500003800407600002700445700003000472830005800502852004000560177309ES-MaACL20250815121301.0110315s1972 sp af ||||0| spa d a74 Mustieles, Benjamín a75 Mustieles, Benjamín1 aMustieles, Benjamín.10aDibujos de Mustíeles / cpor José Ramón Ametller. a1ª ed. aMadrid : bIbérico Europea de Ediciones, ccop. 1972. a[32] p. : bprincipalmente il. bl. y n. ; c31 cm.1 aMaestros contemporáneos del dibujo y la pintura ; v19 aEncuadernado con otros títulos.14aMustieles, Benjamín.1 aAmetller, José Ramón.00aMaestros contemporáneos del dibujo y la pinturav19 aES-MaACLjE-14687 (9) xOlim P-1071